000
00194nam a2200109Ia 4500
100
_a
#N/A
942
_c
BK
654
_a
wordnet
245
_a
Wordnet
260
_b
#N/A
_c
2005
546
_a
ENGLISH
999
_c
22891
_d
22891